Loading...
| Science - Biology | 0 | 7 | 0 | 2 | 70 | 87 | 99.57 | 0 | 0 | 0.00 | 0.00 |
| Fine Arts - Classical Music | 0 | 5 | 0 | 1 | 50 | 58 | 99.20 | 0 | 3 | 0.00 | 0.00 |
| Mythology | 0 | 5 | 1 | 0 | 45 | 79 | 88.00 | 1 | 3 | 0.00 | 0.00 |
| Religion | 0 | 4 | 0 | 1 | 40 | 80 | 100.25 | 1 | 3 | 0.00 | 0.00 |
| Fine Arts - Other | 0 | 4 | 0 | 1 | 40 | 79 | 110.50 | 0 | 2 | 0.00 | 0.00 |
| Social Science | 0 | 4 | 0 | 0 | 40 | 80 | 101.00 | 1 | 3 | 0.00 | 0.00 |
| Science - Other | 0 | 3 | 0 | 1 | 30 | 95 | 119.67 | 0 | 2 | 0.00 | 0.00 |
| Science - Chemistry | 0 | 3 | 0 | 2 | 30 | 108 | 115.33 | 0 | 1 | 0.00 | 0.00 |
| History - World | 0 | 2 | 0 | 1 | 20 | 67 | 107.50 | 0 | 1 | 0.00 | 0.00 |
| Fine Arts - Painting and Sculpture | 0 | 2 | 1 | 0 | 15 | 93 | 107.50 | 0 | 1 | 0.00 | 0.00 |
| Literature - World | 0 | 1 | 0 | 1 | 10 | 143 | 143.00 | 0 | 0 | 0.00 | 0.00 |
| Current Events | 0 | 1 | 0 | 0 | 10 | 108 | 108.00 | 0 | 0 | 0.00 | 0.00 |
| History - Other | 0 | 1 | 1 | 0 | 5 | 34 | 34.00 | 1 | 1 | 0.00 | 0.00 |
| Science - Physics | 0 | 0 | 1 | 0 | -5 | 0.00 | 0 | 0 | 0.00 | 0.00 | |
| History - European | 0 | 0 | 1 | 0 | -5 | 0.00 | 0 | 0 | 0.00 | 0.00 |